[Event "ENG-ch Schools Final"]
[Site "Staffordshire"]
[Date "2022.07.01"]
[Round "5.3"]
[White "Misyura, Ilya"]
[Black "Sanitt, Leo"]
[Result "1-0"]
[WhiteElo "1868"]
[BlackElo "1873"]
[PlyCount "73"]
[EventDate "2022.06.30"]
[EventType "swiss"]
[EventRounds "5"]
[EventCountry "ENG"]
[SourceTitle "EXT 2023"]
[Source "ChessBase"]
[SourceDate "2022.10.05"]
[SourceVersion "1"]
[SourceVersionDate "2022.10.05"]
[SourceQuality "1"]

1. d4 Nf6 2. c4 g6 3. Nc3 Bg7 4. e4 d6 5. Nf3 0-0 6. Be2 e5 7. 0-0 Nc6 8. d5 Ne7 9. b4 a5 10. Ba3 Nd7 11. bxa5 Rxa5 12. Bb4 Ra8 13. Nd2 f5 14. Nb3 fxe4 15. Nxe4 Nf6 16. f3 Nf5 17. Qd3 Ra4 18. a3 b6 19. Nc3 Ra8 20. a4 Nh5 21. Ne4 Nf4 22. Qd2 Bh6 23. Qb2 Ne3 24. Rf2 Qh4 25. Bf1 Nxf1 26. Rfxf1 Nxg2 27. Qxg2 Bh3 28. Qf2 Qxf2+ 29. Rxf2 Be3 30. Bd2 Bxf2+ 31. Kxf2 Bg4 32. Ng5 h6 33. Kg3 Bh5 34. Ne6 Rxf3+ 35. Kh4 Rxb3 36. Bxh6 Rc3 37. Kg5 1-0

[Event "ENG-ch Schools Final"]
[Site "Staffordshire"]
[Date "2022.07.01"]
[Round "4.3"]
[White "Thatte, Nishchal"]
[Black "Misyura, Ilya"]
[Result "1-0"]
[WhiteElo "1887"]
[BlackElo "1868"]
[PlyCount "89"]
[EventDate "2022.06.30"]
[EventType "swiss"]
[EventRounds "5"]
[EventCountry "ENG"]
[SourceTitle "EXT 2023"]
[Source "ChessBase"]
[SourceDate "2022.10.05"]
[SourceVersion "1"]
[SourceVersionDate "2022.10.05"]
[SourceQuality "1"]

1. d4 Nf6 2. c4 g6 3. g3 Bg7 4. Bg2 0-0 5. Nc3 d6 6. Nf3 c5 7. 0-0 Nc6 8. dxc5 dxc5 9. Be3 b6 10. Ne5 Nxe5 11. Qxd8 Rxd8 12. Bxa8 Bh3 13. Bg2 Bxg2 14. Kxg2 Nxc4 15. Rad1 Rb8 16. Bc1 b5 17. b3 Nd6 18. Bf4 Nfe8 19. Nd5 e6 20. Ne7+ Kf8 21. Rxd6 Kxe7 22. Rc6 Rb7 23. Rxc5 Bd4 24. Rc8 e5 25. Bd2 Kd7 26. Rc2 Ke6 27. Rfc1 Bb6 28. e4 Kd7 29. Bb4 Ng7 30. Rd2+ Bd4 31. Rdc2 Ne6 32. Rc6 Rb6 33. Rc8 h5 34. R8c2 Rb7 35. Rf1 g5 36. Rd1 f6 37. f3 Ke8 38. Rc6 Kf7 39. Rdc1 Rd7 40. Rd1 Rb7 41. Bc3 Ke7 42. Rc1 Kd7 43. Bxd4 Nxd4 44. Rxf6 Rb6 45. Rf7+ 1-0

[Event "Wch U14"]
[Site "Porto Carras"]
[Date "2018.10.27"]
[Round "8"]
[White "Misyura, Ilya"]
[Black "Czopor, Maciej"]
[Result "0-1"]
[WhiteElo "1967"]
[BlackElo "2219"]
[PlyCount "60"]
[EventDate "2018.10.20"]
[EventType "swiss"]
[EventRounds "11"]
[EventCountry "GRE"]
[SourceTitle "CBM 187 Extra"]
[Source "ChessBase"]
[SourceDate "2018.11.04"]
[SourceVersion "1"]
[SourceVersionDate "2018.11.04"]
[SourceQuality "1"]

1. d4 Nf6 2. c4 e6 3. Nc3 Bb4 4. e3 d5 5. Bd3 e5 6. a3 Bxc3+ 7. bxc3 0-0 8. cxd5 Qxd5 9. f3 e4 10. c4 Qg5 11. fxe4 Nxe4 12. g3 Re8 13. Ne2 Bh3 14. Qa4 Nc6 15. Nf4 Nxd4 16. Bxe4 Rxe4 17. Kf2 Nc6 18. Ra2 Be6 19. Rb2 Rxc4 20. Qd1 Rd8 21. Qe2 Qc5 22. Rd1 Rxd1 23. Qxd1 Rxc1 24. Nxe6 Qf5+ 25. Qf3 Rf1+ 26. Kxf1 Qxf3+ 27. Rf2 Qd1+ 28. Kg2 fxe6 29. a4 Ne5 30. e4 Ng4 0-1

[Event "Wch U14"]
[Site "Porto Carras"]
[Date "2018.10.20"]
[Round "1"]
[White "Tsoi, Dmitry"]
[Black "Misyura, Ilya"]
[Result "1-0"]
[WhiteElo "2429"]
[BlackElo "1967"]
[PlyCount "109"]
[EventDate "2018.10.20"]
[EventType "swiss"]
[EventRounds "11"]
[EventCountry "GRE"]
[SourceTitle "CBM 187 Extra"]
[Source "ChessBase"]
[SourceDate "2018.11.04"]
[SourceVersion "1"]
[SourceVersionDate "2018.11.04"]
[SourceQuality "1"]

1. Nf3 Nf6 2. c4 g6 3. g3 Bg7 4. Bg2 0-0 5. 0-0 d6 6. Nc3 Nc6 7. d3 e5 8. Rb1 a5 9. a3 Nd4 10. b4 axb4 11. axb4 c6 12. b5 Bg4 13. Nxd4 exd4 14. Ne4 Nxe4 15. Bxe4 d5 16. cxd5 cxd5 17. Bg2 Qd7 18. Re1 Rfe8 19. Bf4 Ra2 20. Bf1 Rc8 21. Qb3 Rcc2 22. Ra1 Rcb2 23. Qxa2 Rxa2 24. Rxa2 h5 25. Rb1 Bf6 26. Bg2 g5 27. Bb8 Be6 28. Rc2 Qd8 29. Bc7 Qa8 30. b6 Qa3 31. Rcc1 Qa2 32. Re1 Qc2 33. Kf1 Kh7 34. Rb5 Qc6 35. Rbb1 Qc2 36. Rbc1 Qa4 37. Ra1 Qc6 38. Rec1 Qe8 39. Ra5 Qd7 40. Ra7 Qc8 41. Rc5 Be7 42. Rxd5 Bxd5 43. Bxd5 Bc5 44. Bxb7 Qh3+ 45. Bg2 Qe6 46. Ra6 Qb3 47. Be4+ f5 48. Bxf5+ Kg8 49. Be4 Bxb6 50. Rxb6 Qd1+ 51. Kg2 Qc1 52. Rc6 Qe1 53. Rg6+ Kf7 54. Rxg5 Qxe2 55. h4 1-0

[Event "London Classic op"]
[Site "London"]
[Date "2017.12.06"]
[Round "6"]
[White "Misyura, Ilya"]
[Black "Pein, Jonathan"]
[Result "0-1"]
[WhiteElo "1983"]
[BlackElo "2165"]
[PlyCount "60"]
[EventDate "2017.12.02"]
[EventType "swiss"]
[EventRounds "9"]
[EventCountry "ENG"]
[SourceTitle "CBM 182 Extra"]
[Source "ChessBase"]
[SourceDate "2018.02.23"]
[SourceVersion "1"]
[SourceVersionDate "2018.02.23"]
[SourceQuality "1"]

1. d4 g6 2. c4 Bg7 3. Nc3 c5 4. d5 Bxc3+ 5. bxc3 f5 6. Bg5 Qa5 7. Qc2 d6 8. f3 Nf6 9. e4 fxe4 10. fxe4 Nxe4 11. Bxe7 Nxc3 12. Qd2 Kxe7 13. Rc1 Re8 14. Rxc3 Kd8+ 15. Kf2 Nd7 16. Bd3 Ne5 17. Ne2 Nxd3+ 18. Qxd3 Qxa2 19. Qf3 Bf5 20. Re1 Kc7 21. Ra3 Qxc4 22. Rc3 Qh4+ 23. Kf1 Be4 24. Qf7+ Re7 25. Qf4 Qxf4+ 26. Nxf4 Rf8 27. Rf3 Kd7 28. Nxg6 Rxf3+ 29. gxf3 Bxg6 30. Rxe7+ Kxe7 0-1

[Event "London Classic op"]
[Site "London"]
[Date "2017.12.03"]
[Round "3"]
[White "Ledger, Dave J"]
[Black "Misyura, Ilya"]
[Result "1/2-1/2"]
[WhiteElo "2209"]
[BlackElo "1983"]
[PlyCount "70"]
[EventDate "2017.12.02"]
[EventType "swiss"]
[EventRounds "9"]
[EventCountry "ENG"]
[SourceTitle "CBM 182 Extra"]
[Source "ChessBase"]
[SourceDate "2018.02.23"]
[SourceVersion "1"]
[SourceVersionDate "2018.02.23"]
[SourceQuality "1"]

1. e4 e6 2. d4 d5 3. Nc3 Bb4 4. e5 c5 5. a3 Ba5 6. b4 cxd4 7. Nb5 Bc7 8. f4 Bd7 9. Nf3 Bxb5 10. Bxb5+ Nc6 11. Nxd4 Nge7 12. Be3 Bb6 13. h4 a6 14. Be2 Nxd4 15. Bxd4 Bxd4 16. Qxd4 Nf5 17. Qf2 h5 18. Bd3 g6 19. Rh3 Qc7 20. Bxf5 gxf5 21. Rg3 Qc4 22. 0-0-0 Rc8 23. Kb2 a5 24. Rd4 Qb5 25. Qd2 Ke7 26. Rdd3 Rc4 27. Rd4 axb4 28. axb4 Ra8 29. Rxc4 Qxc4 30. Rb3 Ra4 31. Qc3 b5 32. g3 Kd7 33. Qe1 Qd4+ 34. Qc3 Qa7 35. Ra3 Rxa3 1/2-1/2

[Event "Biella op 8th"]
[Site "Biella"]
[Date "2017.09.22"]
[Round "1"]
[White "Madiai, Federico"]
[Black "Misyura, Ilya"]
[Result "1-0"]
[WhiteElo "2216"]
[BlackElo "2003"]
[PlyCount "91"]
[EventDate "2017.09.22"]
[EventType "swiss"]
[EventRounds "5"]
[EventCountry "ITA"]
[SourceTitle "CBM 180 Extra"]
[Source "ChessBase"]
[SourceDate "2017.10.06"]
[SourceVersion "1"]
[SourceVersionDate "2017.10.06"]
[SourceQuality "1"]

1. Nf3 Nf6 2. g3 g6 3. Bg2 Bg7 4. 0-0 0-0 5. d4 d6 6. b3 Nc6 7. Bb2 e5 8. e3 Bf5 9. Na3 e4 10. Nd2 Ne7 11. d5 Nexd5 12. Nxe4 c6 13. Nxf6+ Nxf6 14. e4 Bxe4 15. Bxf6 Qxf6 16. Bxe4 Qxa1 17. Qxa1 Bxa1 18. Rxa1 d5 19. Bf3 Rfe8 20. c4 d4 21. Kf1 Rad8 22. Nc2 Re6 23. Rd1 d3 24. Ne3 Rd4 25. Ke1 Kf8 26. Kf1 f5 27. Rd2 a5 28. Ng2 a4 29. Ne1 Red6 30. Bd1 Rd8 31. f4 axb3 32. axb3 Ke7 33. Nf3 Re4 34. Kf2 Rd6 35. Ng5 Red4 36. Nxh7 b5 37. cxb5 cxb5 38. Ng5 Rd8 39. Nf3 Re4 40. h4 Rd6 41. Ne5 Red4 42. Bf3 Rb4 43. Nc6+ Rxc6 44. Bxc6 Rxb3 45. Ke3 Kd6 46. Be8 1-0

[Event "Wch U12"]
[Site "Batumi"]
[Date "2016.10.28"]
[Round "9"]
[White "De Borba, Gabriel"]
[Black "Misyura, Ilya"]
[Result "0-1"]
[WhiteElo "2054"]
[BlackElo "1895"]
[PlyCount "66"]
[EventDate "2016.10.19"]
[EventType "swiss"]
[EventRounds "11"]
[EventCountry "GEO"]
[SourceTitle "EXT 2018"]
[Source "ChessBase"]
[SourceDate "2017.10.13"]
[SourceVersion "1"]
[SourceVersionDate "2017.10.13"]
[SourceQuality "1"]

1. e4 c6 2. Nc3 d5 3. Nf3 Nf6 4. e5 Ne4 5. Ne2 Qb6 6. d4 e6 7. Nfg1 f6 8. f3 Ng5 9. exf6 gxf6 10. f4 Ne4 11. Ng3 Bd7 12. Nxe4 dxe4 13. Be2 Na6 14. c3 0-0-0 15. Bc4 Nc7 16. Ne2 Nd5 17. 0-0 Bd6 18. Bb3 Be7 19. c4 Nb4 20. Be3 c5 21. dxc5 Qc7 22. Qd4 Bc6 23. Qc3 Rd3 24. Qc1 Qa5 25. Kh1 Bxc5 26. Bxc5 Qxc5 27. Bd1 Rd7 28. Bc2 Qxc4 29. Nc3 Nxc2 30. Qxc2 e3 31. Rg1 Rd2 32. Qb3 Qxb3 33. axb3 Rg8 0-1

[Event "Wch U12"]
[Site "Batumi"]
[Date "2016.10.23"]
[Round "5"]
[White "Mashalov, Aliniyaz"]
[Black "Misyura, Ilya"]
[Result "1/2-1/2"]
[WhiteElo "1617"]
[BlackElo "1895"]
[PlyCount "71"]
[EventDate "2016.10.19"]
[EventType "swiss"]
[EventRounds "11"]
[EventCountry "GEO"]
[SourceTitle "EXT 2018"]
[Source "ChessBase"]
[SourceDate "2017.10.13"]
[SourceVersion "1"]
[SourceVersionDate "2017.10.13"]
[SourceQuality "1"]

1. d4 Nf6 2. c4 g6 3. Nc3 Bg7 4. e4 d6 5. f3 0-0 6. Nge2 c6 7. Be3 a6 8. a4 Qa5 9. Nc1 Nfd7 10. g4 c5 11. Kf2 Qb6 12. N1e2 cxd4 13. Bxd4 Bxd4+ 14. Qxd4 Qxb2 15. Nd5 Qxd4+ 16. Nxd4 e6 17. Ne7+ Kg7 18. Be2 Nc5 19. Nxc8 Rxc8 20. Rhd1 Nc6 21. Nxc6 Rxc6 22. a5 b6 23. axb6 Rxb6 24. Ra5 Kf6 25. h4 Ke7 26. e5 Nb7 27. exd6+ Rxd6 28. Rxd6 Kxd6 29. Ra2 Nc5 30. Ke3 Rb8 31. Bd1 Rb4 32. Kd4 Rb1 33. Rd2 Rc1 34. Ke3+ Kc6 35. Kd4 h6 36. f4 1/2-1/2

[Event "BCF-ch U16"]
[Site "Bournemouth"]
[Date "2016.07.25"]
[Round "2"]
[White "Misyura, Ilya"]
[Black "Purvis, Anna"]
[Result "1-0"]
[WhiteElo "1886"]
[BlackElo "1410"]
[PlyCount "73"]
[EventDate "2016.07.24"]
[EventType "swiss"]
[EventRounds "7"]
[EventCountry "ENG"]
[SourceTitle "EXT 2017"]
[Source "ChessBase"]
[SourceDate "2016.10.25"]
[SourceVersion "1"]
[SourceVersionDate "2016.10.25"]
[SourceQuality "1"]

1. d4 d5 2. c4 c6 3. Nc3 dxc4 4. a4 Nf6 5. e3 Bf5 6. Nf3 e6 7. Bxc4 Nbd7 8. 0-0 Nb6 9. Bb3 Be7 10. Re1 Nbd5 11. Ne5 Bb4 12. Bd2 Bd6 13. Nf3 0-0 14. h3 h6 15. Bc2 Nxc3 16. bxc3 Ne4 17. Qb1 Nxd2 18. Nxd2 Bxc2 19. Qxc2 Rc8 20. Qb3 b6 21. e4 Qc7 22. c4 Rfd8 23. Qb2 c5 24. e5 Be7 25. Re4 cxd4 26. Rxd4 Rxd4 27. Qxd4 Bb4 28. Nb3 Bc5 29. Nxc5 Qxc5 30. Qd7 Qc7 31. Rd1 Qxd7 32. Rxd7 Rxc4 33. Rxa7 Re4 34. Ra6 Rb4 35. Kh2 Kf8 36. f3 Ke7 37. g3 1-0

[Event "Almeria Sola Memorial-A 2nd"]
[Site "Almeria"]
[Date "2015.12.19"]
[Round "3"]
[White "Del Rio de Angelis, Salvador Gabriel"]
[Black "Misyura, Ilya"]
[Result "1-0"]
[WhiteElo "2542"]
[BlackElo "1843"]
[PlyCount "71"]
[EventDate "2015.12.18"]
[EventType "swiss"]
[EventRounds "6"]
[EventCountry "ESP"]
[SourceTitle "CBM 170 Extra"]
[Source "ChessBase"]
[SourceDate "2016.02.25"]
[SourceVersion "1"]
[SourceVersionDate "2016.02.25"]
[SourceQuality "1"]

1. d4 d5 2. c4 e6 3. Nc3 Nf6 4. Nf3 Bb4 5. e3 0-0 6. Bd3 b6 7. a3 Bxc3+ 8. bxc3 Bb7 9. 0-0 c5 10. cxd5 exd5 11. dxc5 bxc5 12. Rb1 Qc7 13. c4 Ne4 14. Qc2 Re8 15. Rd1 Nd7 16. cxd5 Bxd5 17. Bb5 Bc6 18. Nd4 cxd4 19. Qxc6 Qxc6 20. Bxc6 Nc3 21. Rxd4 Nxb1 22. Bxa8 Nf8 23. Bd5 Nc3 24. Kf1 Rb8 25. Ke1 Rb1 26. Kd2 Ne2 27. Kxe2 Rxc1 28. Rc4 Rb1 29. Rc7 Ne6 30. Bxe6 fxe6 31. Rxa7 Rb2+ 32. Kf3 Ra2 33. a4 h6 34. h4 h5 35. Kg3 Kh7 36. Ra6 1-0

[Event "London Classic op 7th"]
[Site "London"]
[Date "2015.12.08"]
[Round "6"]
[White "Jamroz, Krzysztof"]
[Black "Misyura, Ilya"]
[Result "1/2-1/2"]
[WhiteElo "2103"]
[BlackElo "1789"]
[PlyCount "147"]
[EventDate "2015.12.04"]
[EventType "swiss"]
[EventRounds "9"]
[EventCountry "ENG"]
[SourceTitle "CBM 169 Extra"]
[Source "ChessBase"]
[SourceDate "2015.12.18"]
[SourceVersion "1"]
[SourceVersionDate "2015.12.18"]
[SourceQuality "1"]

1. e4 e6 2. d4 d5 3. e5 c5 4. c3 Qb6 5. Nf3 Nc6 6. a3 Bd7 7. b4 cxd4 8. cxd4 Rc8 9. Bb2 Nh6 10. Bd3 Na5 11. 0-0 Nc4 12. Bxc4 Rxc4 13. Nbd2 Rc8 14. Rc1 Be7 15. Rxc8+ Bxc8 16. Nb3 0-0 17. Qd2 Qd8 18. Rc1 b6 19. Rc3 Ba6 20. Qc2 Qb8 21. Bc1 Rc8 22. Bxh6 gxh6 23. Nfd2 Bg5 24. g3 Rxc3 25. Qxc3 Qc8 26. Qxc8+ Bxc8 27. f4 Be7 28. Kf2 Kg7 29. Nf1 Kg6 30. Ne3 f5 31. Ke2 h5 32. h4 Kf7 33. Kd3 Ke8 34. Kc3 Bd7 35. Kb2 Kd8 36. Nd2 Ba4 37. Nb1 Bd7 38. Nc3 Kc7 39. b5 Kb7 40. Kb3 a6 41. bxa6+ Kxa6 42. Nc2 Ka5 43. Ne1 Bb5 44. Nf3 Bc4+ 45. Kb2 h6 46. Nd2 b5 47. Nb3+ Bxb3 48. Kxb3 b4 49. axb4+ Bxb4 50. Na4 Kb5 51. Nb6 Be1 52. Nd7 Bxg3 53. Nf8 Bxh4 54. Nxe6 Be7 55. Ng7 h4 56. Nxf5 h3 57. Ng3 Kc6 58. Kc3 Kd7 59. f5 Bg5 60. Kb4 Be7+ 61. Kc3 h2 62. Kd2 Bb4+ 63. Kc2 Ke7 64. Kd3 Kf7 65. Ke2 Bc3 66. Kd3 Bb2 67. Ke3 h5 68. Kd3 h4 69. Nh1 Kg7 70. Ke3 Kh6 71. Nf2 Kg5 72. f6 Kg6 73. Nh1 Kf7 74. Nf2 1/2-1/2

[Event "Biella op 6th"]
[Site "Biella"]
[Date "2015.09.26"]
[Round "2"]
[White "Ivanov, Sergey"]
[Black "Misyura, Ilya"]
[Result "1-0"]
[WhiteElo "2561"]
[BlackElo "1741"]
[PlyCount "59"]
[EventDate "2015.09.25"]
[EventType "swiss"]
[EventRounds "5"]
[EventCountry "ITA"]
[SourceTitle "EXT 2016"]
[Source "ChessBase"]
[SourceDate "2015.10.08"]
[SourceVersion "1"]
[SourceVersionDate "2015.10.08"]
[SourceQuality "1"]

1. d4 d5 2. c4 e6 3. Nc3 Nf6 4. Nf3 c6 5. Bg5 h6 6. Bxf6 Qxf6 7. e3 Bd6 8. Bd3 dxc4 9. Bxc4 b5 10. Bd3 Bb7 11. 0-0 Nd7 12. a3 0-0 13. b4 Qe7 14. Ne4 Nb6 15. Qc2 Nd5 16. Rfc1 a5 17. Nxd6 Qxd6 18. Qc5 Qxc5 19. bxc5 b4 20. Bc4 Nc3 21. h4 Ba6 22. axb4 Bxc4 23. Rxc3 axb4 24. Rxa8 bxc3 25. Ra3 Bd5 26. Rxc3 f6 27. Nd2 f5 28. f3 e5 29. dxe5 Rd8 30. Rd3 1-0

[Event "Biella op 6th"]
[Site "Biella"]
[Date "2015.09.26"]
[Round "3"]
[White "Misyura, Ilya"]
[Black "Villa, Giorgio"]
[Result "1/2-1/2"]
[WhiteElo "1741"]
[BlackElo "2028"]
[PlyCount "67"]
[EventDate "2015.09.25"]
[EventType "swiss"]
[EventRounds "5"]
[EventCountry "ITA"]
[SourceTitle "EXT 2016"]
[Source "ChessBase"]
[SourceDate "2015.10.08"]
[SourceVersion "1"]
[SourceVersionDate "2015.10.08"]
[SourceQuality "1"]

1. d4 d5 2. c4 c6 3. Nc3 Nf6 4. e3 e6 5. Nf3 Nbd7 6. Qc2 Bd6 7. b3 0-0 8. Be2 dxc4 9. bxc4 e5 10. 0-0 Qe7 11. Bb2 Re8 12. h3 h6 13. Rfd1 e4 14. Nd2 Nf8 15. d5 Ng6 16. dxc6 bxc6 17. Ncxe4 Be5 18. Nxf6+ Qxf6 19. Bxe5 Nxe5 20. Nf3 Nxf3+ 21. Bxf3 Bxh3 22. Rd4 Bf5 23. Qa4 Be4 24. Bxe4 Rxe4 25. Rad1 Rxd4 26. Rxd4 Rb8 27. Qd1 Rb2 28. Rd2 Qc3 29. Rxb2 Qxb2 30. Qd8+ Kh7 31. Qd3+ Kg8 32. Qd8+ Kh7 33. Qd3+ Kg8 34. Qd8+ 1/2-1/2

[Event "Bolton 4NCL op-A 4th"]
[Site "Bolton"]
[Date "2015.09.13"]
[Round "5.14"]
[White "Misyura, Ilya"]
[Black "Tyton, Adam"]
[Result "1-0"]
[WhiteElo "1697"]
[BlackElo "2003"]
[PlyCount "25"]
[EventDate "2015.09.11"]
[EventType "swiss"]
[EventRounds "5"]
[EventCountry "ENG"]
[SourceTitle "EXT 2023"]
[Source "ChessBase"]
[SourceDate "2022.10.05"]
[SourceVersion "1"]
[SourceVersionDate "2022.10.05"]
[SourceQuality "1"]

1. d4 Nf6 2. c4 e6 3. Nc3 Bb4 4. e3 0-0 5. Bd3 d5 6. Nge2 b6 7. a3 Be7 8. b4 Bb7 9. f3 Nbd7 10. Nb5 dxc4 11. Bxc4 Re8 12. 0-0 Bd6 13. Ba2 1-0

[Event "BCF-ch U13"]
[Site "Coventry"]
[Date "2015.07.29"]
[Round "3"]
[White "Kalavannan, Koby"]
[Black "Misyura, Ilya"]
[Result "1-0"]
[WhiteElo "2178"]
[BlackElo "1697"]
[PlyCount "59"]
[EventDate "2015.07.27"]
[EventType "swiss"]
[EventRounds "7"]
[EventCountry "ENG"]
[SourceTitle "CBM 167 Extra"]
[Source "ChessBase"]
[SourceDate "2015.09.14"]
[SourceVersion "1"]
[SourceVersionDate "2015.09.14"]
[SourceQuality "1"]

1. d4 Nf6 2. Nf3 d5 3. c4 e6 4. g3 dxc4 5. Qa4+ c6 6. Qxc4 b5 7. Qc2 Bb7 8. Bg2 Nbd7 9. 0-0 c5 10. a4 a6 11. Rd1 Rc8 12. axb5 axb5 13. Qb3 b4 14. dxc5 Bxc5 15. Bg5 Qb6 16. e3 Bd5 17. Qd3 0-0 18. Nbd2 h6 19. Bxf6 Nxf6 20. Nb3 Rfd8 21. Nxc5 Bxf3 22. Qxd8+ Rxd8 23. Rxd8+ Qxd8 24. Bxf3 Qd2 25. b3 Qc3 26. Ra5 Qc2 27. Rb5 Qf5 28. Be2 Ng4 29. Rb8+ Kh7 30. Bd3 1-0

[Event "BCF-ch U13"]
[Site "Coventry"]
[Date "2015.07.27"]
[Round "1"]
[White "Misyura, Ilya"]
[Black "Lovell, William Pm"]
[Result "1-0"]
[WhiteElo "1697"]
[BlackElo "1465"]
[PlyCount "111"]
[EventDate "2015.07.27"]
[EventType "swiss"]
[EventRounds "7"]
[EventCountry "ENG"]
[SourceTitle "CBM 167 Extra"]
[Source "ChessBase"]
[SourceDate "2015.09.14"]
[SourceVersion "1"]
[SourceVersionDate "2015.09.14"]
[SourceQuality "1"]

1. d4 d5 2. c4 c6 3. Nc3 Nf6 4. e3 e6 5. Nf3 Bd6 6. Qc2 0-0 7. b3 Nbd7 8. Be2 Re8 9. 0-0 Bc7 10. Rd1 Qe7 11. Bb2 dxc4 12. bxc4 e5 13. d5 cxd5 14. cxd5 a6 15. Nb5 Bd6 16. Nxd6 Qxd6 17. e4 Qb4 18. Bd3 Qc5 19. Rac1 Qxc2 20. Rxc2 Ng4 21. h3 Ngf6 22. Rdc1 Nh5 23. Nxe5 Nxe5 24. Bxe5 Bxh3 25. Bh2 Bd7 26. Rc7 Rac8 27. e5 g6 28. Be2 Ng7 29. Bf4 Bf5 30. g4 Rxc7 31. Rxc7 Bc8 32. e6 fxe6 33. Bh6 exd5 34. Rxg7+ Kh8 35. Rc7 Kg8 36. Bf3 Be6 37. Rxb7 d4 38. Rb6 Bxa2 39. Rxa6 Bc4 40. Ra8 Rxa8 41. Bxa8 Kf7 42. Kg2 Ke6 43. Kf3 Bd5+ 44. Bxd5+ Kxd5 45. Ke2 Ke4 46. f3+ Ke5 47. Kd3 Kd5 48. Bg7 Ke6 49. Kxd4 Kf7 50. Bh6 Kf6 51. f4 Ke6 52. Kc5 Ke7 53. Kd5 Kf6 54. Kd6 Kf7 55. Ke5 Ke7 56. f5 1-0

[Event "BCF-chT3 1415 (4NCL)"]
[Site "England"]
[Date "2015.03.21"]
[Round "7.99"]
[White "Dixon, Chris"]
[Black "Misyura, Ilya"]
[Result "1-0"]
[WhiteElo "1822"]
[BlackElo "1930"]
[PlyCount "59"]
[EventDate "2015.03.21"]
[EventType "team-swiss"]
[EventRounds "11"]
[EventCountry "ENG"]
[SourceTitle "EXT 2016"]
[Source "ChessBase"]
[SourceDate "2015.10.08"]
[SourceVersion "1"]
[SourceVersionDate "2015.10.08"]
[SourceQuality "1"]
[WhiteTeam "The Full Ponty"]
[BlackTeam "Midland Monarchs"]
[WhiteTeamCountry "ENG"]
[BlackTeamCountry "ENG"]

1. Nf3 Nf6 2. g3 g6 3. Bg2 Bg7 4. 0-0 0-0 5. d3 d5 6. Nbd2 c5 7. e4 Nc6 8. Re1 e5 9. exd5 Nxd5 10. Nc4 Re8 11. a4 Ndb4 12. Bd2 e4 13. Rxe4 Rxe4 14. dxe4 Be6 15. Bf1 Bxc4 16. Bxc4 Bxb2 17. Rb1 Bg7 18. c3 Na5 19. Bxf7+ Kxf7 20. cxb4 cxb4 21. Bxb4 Nc6 22. Qb3+ Kf6 23. Bc3+ Ke7 24. Qxb7+ Kf8 25. Qxg7+ Ke8 26. Qg8+ Ke7 27. Rb7+ Qd7 28. Qxh7+ Kd6 29. Qxd7+ Kc5 30. Qd5# 1-0